000 00475 a2200181 4500
005 20240530112838.0
010 _aB-759269
020 _a9788119099436
_c175.00
035 _aB-759269
037 _bGift
082 _aS
245 _aGreatest Classics for Kids/
260 _aNoida
_bMaple Press Private Limited
_c2023
270 _aA-63 Sector-58
_bNoida
_e201301
300 _a184 p.
_c21 cm(Pb)
942 _adpl
_cCH
_2ddc
_hS
_mGRE
999 _c203394
_d203394